000 00520nam a2200205Ia 4500
003 OSt
005 20140313083242.0
008 140130s9999 xx 000 0 und d
020 _a9780439841160
050 _aPZ 7
_b.St857g25 2006
100 _aStilton, Geronimo
245 _aThe search for sunken treasure /
_cGeronimo Stilton.
260 _bScholastic,
_c2006.
_aNew York :
300 _a110 p. :
_bcol. ill. ;
_c18 cm.
440 _v1
521 _aG3
526 _c540
942 _cBK
_2lcc
999 _c40620
_d40620